|
|
|
|
| LEADER |
00000cam a2200000 c 4500 |
| 001 |
1094273309 |
| 003 |
DE-627 |
| 005 |
20240429191149.0 |
| 007 |
tu |
| 008 |
910524s1976 xx ||||| 00| ||eng c |
| 035 |
|
|
|a (DE-627)1094273309
|
| 035 |
|
|
|a (DE-576)024273309
|
| 035 |
|
|
|a (DE-599)BSZ024273309
|
| 035 |
|
|
|a (OCoLC)311617878
|
| 035 |
|
|
|a (OCoLC)311617878
|
| 040 |
|
|
|a DE-627
|b ger
|c DE-627
|e rakwb
|
| 041 |
|
|
|a eng
|
| 100 |
1 |
|
|a Ziskin, Jay
|4 aut
|
| 245 |
1 |
0 |
|a Coping with psychiatric and psychological testimony
|c by Jay Ziskin
|
| 250 |
|
|
|a 2. ed., 2. print.
|
| 264 |
|
1 |
|a Beverly Hills, Calif.
|b Law and Psychology Press
|c 1976
|
| 300 |
|
|
|a XIV, 385 S.
|
| 336 |
|
|
|a Text
|b txt
|2 rdacontent
|
| 337 |
|
|
|a ohne Hilfsmittel zu benutzen
|b n
|2 rdamedia
|
| 338 |
|
|
|a Band
|b nc
|2 rdacarrier
|
| 500 |
|
|
|a Hier auch später erschienene, unveränderte Nachdrucke
|
| 583 |
1 |
|
|a Archivierung prüfen
|c 20221111
|f DE-640
|z 2
|2 pdager
|
| 583 |
1 |
|
|a Archivierung/Langzeitarchivierung gewährleistet
|c 2022
|f SLG
|x XA-DE-BW
|2 pdager
|5 DE-289
|
| 650 |
|
0 |
|a Psychiatry
|2 DE-289
|
| 689 |
0 |
0 |
|d s
|0 (DE-588)4020335-9
|0 (DE-627)10440096X
|0 (DE-576)208932895
|a Gerichtliche Psychiatrie
|2 gnd
|
| 689 |
0 |
1 |
|d s
|0 (DE-588)4131534-0
|0 (DE-627)105694398
|0 (DE-576)209628057
|a Gerichtliche Psychologie
|2 gnd
|
| 689 |
0 |
2 |
|d s
|0 (DE-588)4051201-0
|0 (DE-627)106178172
|0 (DE-576)209091940
|a Sachverständiger
|2 gnd
|
| 689 |
0 |
3 |
|d s
|0 (DE-588)4177223-4
|0 (DE-627)105350192
|0 (DE-576)209976063
|a Rechtsgutachten
|2 gnd
|
| 689 |
0 |
|
|5 (DE-627)
|
| 951 |
|
|
|a BO
|
| ELC |
|
|
|b 1
|
| LOK |
|
|
|0 000 xxxxxcx a22 zn 4500
|
| LOK |
|
|
|0 001 2164942892
|
| LOK |
|
|
|0 003 DE-627
|
| LOK |
|
|
|0 004 1094273309
|
| LOK |
|
|
|0 005 19910524000000
|
| LOK |
|
|
|0 008 910524||||||||||||||||ger|||||||
|
| LOK |
|
|
|0 040
|a DE-21
|c DE-627
|d DE-21
|
| LOK |
|
|
|0 852
|a DE-21
|
| LOK |
|
|
|0 852 1
|c KB 6 A 696
|9 00
|
| LOK |
|
|
|0 935
|a krim
|
| LOK |
|
|
|0 939
|a 24-05-91
|b l01
|
| ORI |
|
|
|a SA-MARC-krimdoka001.raw
|
| SIG |
|
|
|a UB: KB 6 A 696
|